| 000 | 00452pab a2200169 454500 | ||
|---|---|---|---|
| 008 | 180718b1996 xxu||||| |||| 00| 0 eng d | ||
| 100 | _aDatta, R.C. | ||
| 245 |
_aManagement production system and labour _bcase study of a textile mill. |
||
| 260 | _c1996 | ||
| 300 | _ap.L2-L6 | ||
| 362 | _a24 Feb | ||
| 650 | _aLabour - India | ||
| 650 | _aTextile workers - India | ||
| 650 | _aLabour | ||
| 773 | _aEconomic and Political Weekly | ||
| 909 | _a30734 | ||
| 999 |
_c30734 _d30734 |
||